Gehe nicht nach Europa! - Sudden Death - Hauptstädte - Statistiken

Allgemein
  • Dieses Quiz wurde 816 mal gespielt
  • Das Durchschnittsergebnis liegt bei 11 aus 20
Answers on the Grid
Answers color-coded by a green-red scale on the quiz's grid according to % correct below.
Libreville
Brüssel
Riga
Skopje
Bamako
Kathmandu
Castries
Pjöngjang
Nairobi
Kiew
Vatikanstadt
Kopenhagen
Bratislava
Paramaribo
Teheran
Tallinn
Pristina
Minsk
Paris
Palikir
Bukarest
Tiflis
Belmopan
Vientiane
Tripolis
Stockholm
Bischkek
Prag
Athen
Reykjavik
Sofia
Nouakchott
Abu Dhabi
Wien
Zagreb
Lissabon
Vilnius
Ottawa
Oslo
Duschanbe
Santiago
Moskau
Beirut
Dublin
Madrid
Ljubljana
Vaduz
Kuala Lumpur
Ankara
Nuku'alofa
 
Antwortstatistiken
Antwort % Korrekt
Libreville
89%
Kathmandu
63%
Pjöngjang
58%
Castries
54%
Nairobi
54%
Paramaribo
53%
Teheran
53%
Abu Dhabi
52%
Ottawa
51%
Palikir
51%
Belmopan
50%
Bischkek
50%
Tripolis
50%
Vientiane
49%
Beirut
48%
Kuala Lumpur
48%
Nouakchott
48%
Nuku'alofa
47%
Ankara
45%
Tiflis
45%
Keine übereinstimmenden Quizze gefunden
Verteilung der Resultate
Anzahl Personen mit jedem Resultat
Perzentil nach korrekt beantworteten Fragen
Ihre Resultats-Entwicklung
Sie haben dieses Quiz noch nicht gespielt